Online Public Access Catalogue

Textbook of Medical Biochemistry / (Record no. 6078)

MARC details
000 -LEADER
fixed length control field 00491nam a2200157Ia 4500
020 ## - INTERNATIONAL STANDARD BOOK NUMBER
International Standard Book Number 9788184481341
082 ## - DEWEY DECIMAL CLASSIFICATION NUMBER
Classification number 612.015
Author Mark CHA
100 ## - MAIN ENTRY--PERSONAL NAME
Author Name Chatterjea, MN.
245 #0 - TITLE STATEMENT
Title Textbook of Medical Biochemistry /
250 ## - EDITION STATEMENT
Edition statement 7th
260 ## - PUBLICATION, DISTRIBUTION, ETC.
Place of publication, distribution, etc. New Delhi
Name of publisher, distributor, etc. Jaypee
Date of publication, distribution, etc. 2008
300 ## - PHYSICAL DESCRIPTION
No of Pages 809
illustrations ILL
Dimensions 29CM
504 ## - BIBLIOGRAPHY, ETC. NOTE
Bibliography, Index, etc. note INCLUDE: INDEX , REFERENCES
650 ## - SUBJECT ADDED ENTRY--TOPICAL TERM
Subject Biochemistry.
Keywords CHEMISTRY OF BIOMOLECULES, MOLECULAR BIOLOGY, METABOLISM, CLINICAL BIOCHEMISTRY
942 ## - ADDED ENTRY ELEMENTS (KOHA)
Koha item type Books
Source of classification or shelving scheme
952 ## - LOCATION AND ITEM INFORMATION (KOHA)
-- 2018-03-16
Holdings
Item status Home library Current library Shelving location Date acquired Total Checkouts Full call number Barcode Date last seen Date last checked out Koha item type
  Islamabad Medical and Dental College Islamabad Medical and Dental College Islamabad Medical and Dental College 16/03/2018 2 612.015 CHA 7837 14/02/2023 14/02/2023 Books

Copyright @ IMDC Library
Islamabad Medical and Dental College
Bhara Kahu, Islamabad

  Contact the Librarian, IMDC
  Email:: library@imdcollege.edu.pk

  OPAC Customized by
  Mazhar Hussain,
  Librarian:
  Islamabad Medical and Dental College
  Email:: library@imdcollege.edu.pk